logo

Bir Sreshtho Munshi Abdur Rouf Library
Jhenaidah Cadet College

দাউদ (আ)-এর কাহিনী শুনি : (Record no. 13319)

MARC details
000 -LEADER
fixed length control field 00872nam a2200229 a 4500
001 - CONTROL NUMBER
JCCL Control Number 13319
003 - CONTROL NUMBER IDENTIFIER
JCCL marc code BD-JhCC
005 - DATE AND TIME OF LATEST TRANSACTION
control field 20230829193509.0
008 - FIXED-LENGTH DATA ELEMENTS--GENERAL INFORMATION
fixed length control field 230626s2021 bg a|||| |||| 000 0 ben d
035 ## - SYSTEM CONTROL NUMBER
system control number (BD-JhCC)13319
040 ## - CATALOGING SOURCE
Original cataloging agency BD-JhCC
Modifying agency BD-JhCC
041 ## - LANGUAGE CODE
Language code of Book ben
082 ## - DEWEY DECIMAL CLASSIFICATION NUMBER
Classification number 297.18
Author mark and Year MOH 2021
100 ## - MAIN ENTRY--PERSONAL NAME
Personal name মোহন, ড. ইকবাল কবীর
245 ## - TITLE STATEMENT
Title দাউদ (আ)-এর কাহিনী শুনি :
Remainder of title ছোটদের জন্য কুরআনের কহিনী /
Statement of responsibility, etc ড. ইকবাল কবীর মোহন
260 ## - PUBLICATION, DISTRIBUTION, ETC. (IMPRINT)
Place of publication, distribution, etc ঢাকা :
Name of publisher, distributor, etc শিশুকানন প্রকাশন,
Date of publication, distribution, etc ২০২১
300 ## - PHYSICAL DESCRIPTION
Pagination ২৪ ‍পৃ.:
Other physical details রঙিন পৃষ্ঠা;
Dimensions ১৮ সেমি.
600 ## - SUBJECT ADDED ENTRY--PERSONAL NAME
Personal name Prophet Hazrat Daud (AS)
650 ## - SUBJECT ADDED ENTRY--TOPICAL TERM
Topical term or geographic name as entry element Muslim legend
650 ## - SUBJECT ADDED ENTRY--TOPICAL TERM
Topical term or geographic name as entry element juvenile literature
942 ## - ADDED ENTRY ELEMENTS (KOHA)
Source of classification or shelving scheme Dewey Decimal Classification
Koha item type Books
Holdings
Source of classification or shelving scheme Damaged status Not for loan Home library Current library Shelving location Date of accession Cost, normal purchase price Total Checkouts Full call number Barcode Date last seen Date checked out Copy number Method of acquisition Koha item type Currency
Dewey Decimal Classification     JCC Rouf Library JCC Rouf Library General Stacks 06/23/2023 90.00 2 297.18 MOH 2021 18403 08/08/2024 05/30/2024 C-1 Purchase Books BDT

JCC Library | Contacts | JCC Home

Last Update on 23 September 2017
Copyright @ 2017-2020 JCC Rouf Library
Rouf Library, Jhenidah Cadet College (JCC), Bangladesh